00745nam a2200229 i 4500001000300000003000400003005001700007008003900024015001600063040001400079041000800093080000800101080001600109100004100125245009800166250001700264260004800281300002600329655005000355650001400405856009600419bgBPK20200117105007.0050705s1973 pl a f f |000 0 pol aPB 1974/305 aWA NcBPK0 apol a531 a(075.8+076)1 aRomicki, Romualdd(1901-1979)eAutor10aRozwiązania zadań z mechaniki Zbioru J. W. Mieszczerskiego :b[tekst] /cRomuald Romicki. aWyd. 2 popr. aWarszawa :bPańst. Wydaw. Naukowe,c1973. a486, [2] s. ;c24 cm. 4aĆwiczenia i zadania dla szkół wyższych 4aMechanika uhttp://koha.tu.koszalin.pl/cgi-bin/koha/opac-detail.pl?biblionumber=212yKatalog online BPK